EST BANK TO ACCOMPANY MACRO ECONOMICS AND MICRO ECONOMICS (Record no. 9273)
[ view plain ]
| 000 -LEADER | |
|---|---|
| fixed length control field | 00466nam a22001697a 4500 |
| 003 - CONTROL NUMBER IDENTIFIER | |
| control field | OSt |
| 005 - DATE AND TIME OF LATEST TRANSACTION | |
| control field | 20240723120537.0 |
| 008 - FIXED-LENGTH DATA ELEMENTS--GENERAL INFORMATION | |
| fixed length control field | 240723b |||||||| |||| 00| 0 eng d |
| 020 ## - INTERNATIONAL STANDARD BOOK NUMBER | |
| International Standard Book Number | 0070886741 |
| 040 ## - CATALOGING SOURCE | |
| Original cataloging agency | MUST |
| Transcribing agency | MUST |
| 100 ## - MAIN ENTRY--PERSONAL NAME | |
| Personal name | Brue Stanley L |
| 9 (RLIN) | 18957 |
| 245 ## - TITLE STATEMENT | |
| Title | EST BANK TO ACCOMPANY MACRO ECONOMICS AND MICRO ECONOMICS |
| Statement of responsibility, etc. | Brue , Stanley L |
| 300 ## - PHYSICAL DESCRIPTION | |
| Extent | 1208p. |
| Other physical details | ill. |
| Dimensions | 28cm. |
| 650 ## - SUBJECT ADDED ENTRY--TOPICAL TERM | |
| Source of heading or term | economics |
| 700 ## - ADDED ENTRY--PERSONAL NAME | |
| Personal name | Kayhani Nargess |
| 9 (RLIN) | 18958 |
| 942 ## - ADDED ENTRY ELEMENTS (KOHA) | |
| Source of classification or shelving scheme | Dewey Decimal Classification |
| Koha item type | Open Shelf |
| Withdrawn status | Lost status | Source of classification or shelving scheme | Damaged status | Not for loan | Home library | Current library | Date acquired | Source of acquisition | Inventory number | Total Checkouts | Barcode | Date last seen | Price effective from | Koha item type |
|---|---|---|---|---|---|---|---|---|---|---|---|---|---|---|
| Dewey Decimal Classification | MUST Main Library | MUST Main Library | 23/07/2024 | Purchase | 05/ 25043 | 2024-22127 | 23/07/2024 | 23/07/2024 | Open Shelf |
